000 00606nam a2200193Ia 4500
005 20260114185615.0
008 008 260114s9999 xx 000 0 eng d
020 _a9781474224390
037 _aEBOOK
040 _aCRL
_beng
_cCRL
041 _aeng
_2eng
084 _qCRL
100 _aJonathan Daly
_9872152
245 0 _aCrime and Punishment in Russia A Comparative History from Peter the Great to Vladimir Putin
260 _bBloomsbury
_c2018
856 _uhttps://doi.org/10.5040/9781474224390?locatt=label:secondary_bloomsburyCollections
942 _cEBOOK
999 _c1471100
_d1471100